000 00482nam a2200181Ia 4500
001 2591
005 20260306144818.0
008 260306t2015||||xx |||||||||||||| ||spa||
041 _aESP
082 _a616.8916
_bW48
100 _aWessler, Richard
_eAUT
245 0 _aTrabajando con clientes difíciles:
_baplicaciones de la terapia de valoración cognitiva
260 _c2015
300 _a500 páginas :
_c21 cm.
650 _aGEN
654 _aCPS
942 _cLIB
_dJUS
_fJUS
_2ddc
_n
999 _c2591
_d2591